| 000 | 02843nam0a2200409 4500 | ||
|---|---|---|---|
| 001 | RU\NLR\BIBL_A\022719038 | ||
| 005 | 20260426072546.0 | ||
| 010 |
_a978-5-398-03329-8 _980 |
||
| 021 |
_aRU _bКН-П-25-075362 _9КН-П-25-7313 |
||
| 035 | _a(NLR Aleph) 022719038 | ||
| 090 |
_a13692902 _c13692902 |
||
| 100 | _a20260205d2025 u y0rusy50 ca | ||
| 101 | 0 |
_arus _deng |
|
| 102 | _aRU | ||
| 105 | _aa z 100yy | ||
| 181 | 0 |
_ai3 _baxxe |
|
| 182 | 0 | _an | |
| 200 | 1 |
_aИндустрия перевода _dTranslation industry _eматериалы XIII Международной научной конференции (г. Пермь, 17 декабря 2021 г.) _eдля преподавателей перевода и иностранных языков, переводчиков, филологов, аспирантов и студентов профиля "Перевод и переводоведение" _fМинистерство науки и высшего образования Российской Федерации, Федеральное государственное автономное образовательное учреждение высшего образования "Пермский национальный исследовательский политехнический университет" _gредакционная коллегия: Т. С. Серова, д-р пед. наук, проф., отв. ред. _zeng |
|
| 203 |
_aТекст _bвизуальный _cнепосредственный |
||
| 210 |
_aПермь _cИзд-во Пермского национального исследовательского политехнического университета _d2025 |
||
| 215 |
_a94 с. _cил. _d21 |
||
| 225 | 1 | _aПермский политех | |
| 300 | _aРез. на англ. яз. | ||
| 320 | _aБиблиогр. в конце ст. | ||
| 333 | _a16+ | ||
| 510 | 1 |
_aTranslation industry _eproceedings of the XIII International conference (Perm, December 17, 2021) _zeng |
|
| 606 | 1 |
_aПеревод (лингв.) _jСъезды, совещания и т.п _91594424 _3RU\NLR\AUTH\66701106 |
|
| 686 | 1 | _aШ107.7я431 | |
| 702 | 1 |
_4340 _7ca _8rus _aСерова _bТ. С. _f1935- _gТамара Сергеевна _958478 _3RU\NLR\AUTH\7775550 |
|
| 711 | 1 | 2 |
_a"Индустрия перевода", международная научная конференция _d13 _eПермь _f2021 _92697253 _3RU\NLR\AUTH\880638741 |
| 712 | 0 | 2 |
_4475 _aПермский национальный исследовательский политехнический университет _9277853 _3RU\NLR\AUTH\8810194144 |
| 942 | _cBOOK | ||
| 980 | _aNB | ||